zpět

Detail výsledku týmu

Pod Jasanem, Rokycany

Datum a čas kvízu

38.5 Celkem bodů Celkový počet nahraných bodů na tomto kvízu bez doplňovacích otázek.
5. Pořadí na kvízu Konečné umístění týmu na tomto kvízu.

Zaznamenané odpovědi

# Otázka Odpověď Body Výsledky
1. Která česká politička se stala... Markéta Pekarová-Adamová 1
2. Ve středu se do vesmíru po něk... Atlas 1
3. Ve čtvrtek měl v českých kinec... Mizerové: Na život a na smrt 0.5
4. Společnost Tatra před několika... Phoenix 1
5. Mezinárodní hokejová federace... chránič krku 1
6. Dostanete vždy pět indicií, k... Idiot 0
7. Irsko – strom – Estragon – Nob... Čekání na Godota 1
8. Irving – cider – gynekolog – T... Pravidla moštárny 1
9. Roman – okupace – Tibet – Lakm... Spalovač mrtvol 1
10. Karviná – kronika – sv. Petr... Šikmý kostel 0